|
|
|
|
| LEADER |
00000naa a2200000 4500 |
| 001 |
vtls011971578 |
| 003 |
SK-MaSNL |
| 005 |
20260302142712.0 |
| 008 |
200604|2016 xo f|| |1|| ||slo |
| 015 |
|
|
|a SNBRA 2015
|2 svkbbbg
|
| 038 |
|
|
|a SVKBBBG
|
| 040 |
|
|
|a SVKBBBG
|b slo
|c SVKBBBG
|e rda
|
| 041 |
0 |
|
|a slo
|
| 044 |
|
|
|a xo
|c SK
|
| 072 |
|
7 |
|a 37
|x Výchova a vzdelávanie
|2 konspekt
|
| 080 |
|
|
|a 37.015.31
|2 2011
|
| 080 |
|
|
|a 342.7
|2 2011
|
| 080 |
|
|
|a 37.017.7
|2 2011
|
| 080 |
|
|
|a 316.346.32-053.2
|2 2011
|
| 100 |
1 |
|
|a Androvičová, Zlata,
|d 1955-
|4 aut
|9 200712
|
| 245 |
1 |
0 |
|a Poznámky k výchove k ľudským právam
|c Zlata Androvičová
|
| 336 |
|
|
|a text
|b txt
|2 rdacontent
|
| 337 |
|
|
|a bez média
|b n
|2 rdamedia
|
| 338 |
|
|
|a zväzok
|b nc
|2 rdacarrier
|
| 504 |
|
|
|a Bibliografia na strane 444; bibliografické odkazy
|
| 650 |
0 |
7 |
|a etická výchova
|2 SNKPH
|9 4075
|
| 650 |
0 |
7 |
|a ľudské práva
|2 SNKPH
|9 798
|
| 650 |
0 |
7 |
|a výchova k ľudským právam
|2 SNKPH
|9 69136
|
| 650 |
0 |
7 |
|a deti
|2 SNKPH
|9 773
|
| 773 |
0 |
|
|t Globalizovaná súčasnosť, jej morálne a osobnostné výzvy v kontexte etickej výchovy
|d Banská Bystrica : Belianum, 2016
|g S. 436-444
|z 9788055711676
|
| 852 |
|
|
|a SVKBB
|b KIS3GCP
|
| 958 |
|
|
|a NB
|
| 999 |
|
|
|c 1340413
|d 1342343
|